<?xml version="1.0" encoding="UTF-8"?>
<record
    xmlns:xsi="http://www.w3.org/2001/XMLSchema-instance"
    xsi:schemaLocation="http://www.loc.gov/MARC21/slim http://www.loc.gov/standards/marcxml/schema/MARC21slim.xsd"
    xmlns="http://www.loc.gov/MARC21/slim">

  <leader>01628nab a22002177a 4500</leader>
  <datafield tag="999" ind1=" " ind2=" ">
    <subfield code="c">6253</subfield>
    <subfield code="d">6253</subfield>
  </datafield>
  <controlfield tag="003">OSt</controlfield>
  <controlfield tag="005">20260128020637.0</controlfield>
  <controlfield tag="008">190514b        xxu||||| |||| 00| 0 spa d</controlfield>
  <datafield tag="040" ind1=" " ind2=" ">
    <subfield code="c">PJ</subfield>
  </datafield>
  <datafield tag="100" ind1=" " ind2=" ">
    <subfield code="9">6964</subfield>
    <subfield code="a">Beas, Ver&#xF3;nica M. </subfield>
  </datafield>
  <datafield tag="245" ind1="1" ind2="3">
    <subfield code="a">La representaci&#xF3;n adecuada en torno al proceso penal juvenil, principio de no regresi&#xF3;n y desaf&#xED;os a diez a&#xF1;os del nuevo C&#xF3;digo Civil y Comercial /</subfield>
    <subfield code="c">Ver&#xF3;nica M. Beas, Hern&#xE1;n Franco Papa. </subfield>
  </datafield>
  <datafield tag="300" ind1=" " ind2=" ">
    <subfield code="a">p. 4-11</subfield>
  </datafield>
  <datafield tag="500" ind1=" " ind2=" ">
    <subfield code="a">Cita: TR LALEY AR/DOC/2506/2025. </subfield>
  </datafield>
  <datafield tag="505" ind1=" " ind2=" ">
    <subfield code="a">Sumario: I. Introducci&#xF3;n.&#x2014; II. Breve contextualizaci&#xF3;n: vigencia de la ley 22.278 desde 1980 y paradigma tutelarista.&#x2014; III. Reconocimiento internacional de los adolescentes como sujetos de derecho.&#x2014; IV. La paradoja: normas superadoras en el campo civil y de infancia vs. subsistencia del r&#xE9;gimen penal juvenil anacr&#xF3;nico.&#x2014; V. El art. 103 del C&#xF3;d. Civ. y Com. y su aplicaci&#xF3;n en el proceso penal juvenil.&#x2014; VI. La jurisprudencia y la doctrina ante el desfase normativo.&#x2014; VII. El principio de no regresi&#xF3;n en materia penal juvenil.&#x2014; VIII. Representaci&#xF3;n complementaria y garant&#xED;a estructural.&#x2014; IX. Necesaria articulaci&#xF3;n de roles.&#x2014; X. Desconocimiento y subutilizaci&#xF3;n del art. 103 en el fuero penal juvenil.&#x2014; XI. Conclusiones. </subfield>
  </datafield>
  <datafield tag="505" ind1=" " ind2=" ">
    <subfield code="t">Si te interesa el texto, comunicate a koha@justierradelfuego.gov.ar</subfield>
  </datafield>
  <datafield tag="650" ind1=" " ind2="0">
    <subfield code="9">967</subfield>
    <subfield code="a">DERECHO DE FAMILIA</subfield>
  </datafield>
  <datafield tag="650" ind1=" " ind2="0">
    <subfield code="9">1497</subfield>
    <subfield code="a">CODIGO CIVIL Y COMERCIAL</subfield>
  </datafield>
  <datafield tag="700" ind1=" " ind2=" ">
    <subfield code="9">5647</subfield>
    <subfield code="a">Papa, Hern&#xE1;n Franco</subfield>
  </datafield>
  <datafield tag="773" ind1="0" ind2=" ">
    <subfield code="0">2844</subfield>
    <subfield code="9">3222</subfield>
    <subfield code="d">Buenos Aires : AbeledoPerrot, 1989-</subfield>
    <subfield code="t">Derecho de familia. N&#xB0; 122 - Noviembre 2025</subfield>
    <subfield code="z">18511201</subfield>
  </datafield>
  <datafield tag="942" ind1=" " ind2=" ">
    <subfield code="2">udc</subfield>
    <subfield code="c">ANA</subfield>
  </datafield>
</record>
